000
00201 a2200097 4500
001
25662
100
_a
Room, M
245
_a
Masnavi Molana Room
260
_a
_b
Sh Ghulam Ali
_c
090
_c
17356
_d
17356
942
_a
NUST-CAE
_c
M
_c
8176
999
_c
260735
_d
260735